Совершенствование подготовки кадров высшего профессионального образования для сферы сервиса с учетом потребностей рынка труда (Запись № 918930)

Подробности
000 -МАРКЕР
контрольное поле 02285nam0a2200385 4500
001 - ИДЕНТИФИКАТОР ЗАПИСИ
контрольное поле RU\NLR\bibl\1659241
005 - ИДЕНТИФИКАТОР ВЕРСИИ
контрольное поле 20260406043747.0
021 ## - НОМЕР ГОСУДАРСТВЕННОЙ РЕГИСТРАЦИИ
Код страны Российская Федерация
Номер 2010-48978
Номер Листа государственной регистраци 3252
021 ## - НОМЕР ГОСУДАРСТВЕННОЙ РЕГИСТРАЦИИ
Код страны Российская Федерация
Номер 2012-99270
Номер Листа государственной регистраци 7324
035 ## - ДРУГИЕ СИСТЕМНЫЕ НОМЕРА
Идентификатор записи (nilc)RSL-KNO-004701532
035 ## - ДРУГИЕ СИСТЕМНЫЕ НОМЕРА
Идентификатор записи (NLR Aleph) 001650535
100 ## - ДАННЫЕ ОБЩЕЙ ОБРАБОТКИ
Данные общей обработки 20100707d2008 |||y0rusy50 ca
101 0# - ЯЗЫК РЕСУРСА
Язык текста, звукозаписи и т.д. русский
102 ## - СТРАНА ПУБЛИКАЦИИ ИЛИ ПРОИЗВОДСТВА
Страна публикации Российская Федерация
105 ## - ПОЛЕ КОДИРОВАННЫХ ДАННЫХ: ТЕКСТОВЫЕ МАТЕРИАЛЫ, МОНОГРАФИЧЕСКИЕ
Кодированные данные о монографическом текстовом документе a |||||||||
200 1# - ЗАГЛАВИЕ И СВЕДЕНИЯ ОБ ОТВЕТСТВЕННОСТИ
Основное заглавие Совершенствование подготовки кадров высшего профессионального образования для сферы сервиса с учетом потребностей рынка труда
Сведения, относящиеся к заглавию монография
Первые сведения об ответственности [А.А. Федулин, Т.Н. Ананьева, Н.М. Конопальцева и др.]
Последующие сведения об ответственности под ред. А.А. Федулина, Т.Н. Ананьевой
-- Федер. агентство по образованию, Федер. гос. образоват. учреждение высш. проф. образования "Рос. гос. ун-т туризма и сервиса" (ФГОУВПО "РГУТиС")
210 ## - ПУБЛИКАЦИЯ, РАСПРОСТРАНЕНИЕ И ДР.
Место издания, распространения и т.д. Москва
Имя издателя, распространителя и т. д. РГУТИС
Дата издания, распространения и т.д. 2008
215 ## - ФИЗИЧЕСКАЯ ХАРАКТЕРИСТИКА
Специфическое обозначение материала и объем 186 с.
Другие сведения о физической характеристике ил.
Размеры 20
300 ## - ОБЩИЕ ПРИМЕЧАНИЯ
Текст примечания Авт. указаны на обороте тит. л.
320 ## - ПРИМЕЧАНИЯ О НАЛИЧИИ В ДОКУМЕНТЕ БИБЛИОГРАФИИ / УКАЗАТЕЛЯ
Текст примечания Библиогр.: с. 158-172 (155 назв.) и в подстроч. прим.
606 1# - НАИМЕНОВАНИЕ ТЕМЫ КАК ПРЕДМЕТ
Наименование темы Высшее образование в области сферы услуг
Системный номер авторитетной/нормативной записи 2495147
Идентификатор авторитетной/нормативной записи RU\NLR\auth\661480217
610 0# - НЕКОНТРОЛИРУЕМЫЕ ПРЕДМЕТНЫЕ ТЕРМИНЫ
Предметный термин Экономика -- Российская Федерация -- Непроизводственная сфера -- Высшее образование -- Содержание и методика преподавания
686 ## - ИНДЕКСЫ ДРУГИХ КЛАССИФИКАЦИЙ
Индекс У9(2)0-968р(2)3-3,0
Код системы
686 ## - ИНДЕКСЫ ДРУГИХ КЛАССИФИКАЦИЙ
Индекс Ч489.3
701 #1 - ИМЯ ЛИЦА - АЛЬТЕРНАТИВНАЯ ОТВЕТСТВЕННОСТЬ
Начальный элемент ввода Федулин
Часть имени, кроме начального элемента ввода А. А.
Расширение инициалов личного имени Александр Алексеевич
Код отношения Автор
701 #1 - ИМЯ ЛИЦА - АЛЬТЕРНАТИВНАЯ ОТВЕТСТВЕННОСТЬ
Начальный элемент ввода Ананьева
Часть имени, кроме начального элемента ввода Т. Н.
Расширение инициалов личного имени Татьяна Николаевна
Код отношения Автор
701 #1 - ИМЯ ЛИЦА - АЛЬТЕРНАТИВНАЯ ОТВЕТСТВЕННОСТЬ
Код отношения Автор
Материалы, к которым относится поле rus
Графика поля Кириллица
Начальный элемент ввода Конопальцева
Часть имени, кроме начального элемента ввода Н. М.
Расширение инициалов личного имени Надежда Михайловна
Идентификатор авторитетной/нормативной записи RU\NLR\auth\773755
Системный номер авторитетной/нормативной записи 113747
801 #0 - ИСТОЧНИК ЗАПИСИ
Страна Российская Федерация
Организация РГБ
Дата составления 20100707
Правила каталогизации rcr
801 #1 - ИСТОЧНИК ЗАПИСИ
Страна Российская Федерация
Организация РГБ
Дата составления 20100707
801 #2 - ИСТОЧНИК ЗАПИСИ
Страна Российская Федерация
Организация NLR
Дата составления 20100729
Правила каталогизации rcr
830 ## - ОБЩЕЕ ПРИМЕЧАНИЕ, СОСТАВЛЕННОЕ КАТАЛОГИЗАТОРОМ
Текст примечания авт. по ЭК
942 ## - ДОПОЛНИТЕЛЬНЫЕ ЭЛЕМЕНТЫ ЗАПИСИ (АБИС)
Тип экземпляра АБИС Книга
980 ## - КОЛЛЕКЦИЯ
Название коллекции Национальная библиография
Экземпляры
Тип экземпляра Дата поступления Источник поступления Библиотека постоянного хранения Библиотека текущего хранения Место хранения Шифр хранения Штрих-код Статус экземпляра
Книга 29.07.2010 Обязательный экземпляр РНБ (Московский) РНБ (Московский) Русский книжный фонд: издания с 1957 года 2010-3/25552 3220742  
Книга 29.07.2010 Обязательный экземпляр РНБ (Московский) РНБ (Московский) Русский книжный фонд: издания с 1957 года 2010-3/25552 3220743  
Книга 17.01.2013 Обязательный экземпляр РНБ (Московский) РНБ (Московский) Обменный фонд   3805948  
Книга 17.01.2013 Обязательный экземпляр РНБ (Московский) РНБ (Московский) Обменный фонд   3805950